000 00588nam a2200205 i 4500
001 88520
003 ES-MaACL
005 20230906175856.0
007 t|
008 050104s1960 sp ||||1| spa d
100 1 _aLallemant, Luis.
_969734
245 1 0 _aDoctrina espiritual /
_cLuis Lallemant ; traducción y prólogo de Tirso Arellano.
260 _aBilbao :
_bDesclée de Brouwer,
_c1960.
300 _a328 p. ;
_c18 cm.
490 1 _aSpiritus
700 1 _aArellano, Tirso.
_922585
830 0 _aSpiritus
_9181888
852 _aES-MaACL
_jC-18307
_bR.46213
999 _c88520
_d88520